| 000 | 00436cam a2200181ua 4500 | ||
|---|---|---|---|
| 001 | 8832 | ||
| 008 | 200821n ii |||gr||||Z||||||asm | ||
| 040 | _cMAIN | ||
| 041 | _aasm | ||
| 082 | _a891.4512 | ||
| 100 |
_aIslam, B., _eAuthor. |
||
| 245 |
_aKIchu kotha kisu natak _cBy Baharul Islam |
||
| 250 | _a1st. | ||
| 260 |
_aGuwahati: _bPB, _c2012. |
||
| 300 | _a287p. | ||
| 653 | _aEast Indo-European & Celtic literatures | ||
| 942 | _cBK | ||
| 999 |
_c7926 _d7926 |
||